Loading...

Black painter /

Bibliographic Details
Language:Undetermined
LEADER 00283nam a2200097Ia 4500
001 155572
008 170722s9999 xx 000 0 und d
245 |a Black painter / 
942 |c GEN 
999 |c 161196  |d 161196 
952 |0 0  |1 0  |4 0  |7 0  |8 CR  |9 225042  |a LIB  |b LIB  |d 2017-08-12  |h CR  |p G16135  |r 2017-08-12  |w 2017-08-12  |y GEN